| 000 | 01277cam a22003134a 4500 | ||
|---|---|---|---|
| 090 | _c0 | ||
| 001 | 12302581 | ||
| 005 | 20050929094825.0 | ||
| 008 | 010207r20021988nyua b 001 0 eng | ||
| 010 | _a 2001030191 | ||
| 020 | _a0393976254 (pbk.) | ||
| 040 |
_aDLC _cDLC _dDLC |
||
| 042 | _apcc | ||
| 050 | 0 | 0 |
_aH97 _b.S83 2002 |
| 082 | 0 | 0 |
_a320.6 _221 _bSTO |
| 100 | 1 | _aStone, Deborah A. | |
| 245 | 1 | 0 |
_aPolicy paradox : _bThe art of political decision making / _cDeborah Stone. |
| 246 | 3 | 0 | _aArt of political decision making |
| 250 | _aRev. ed. | ||
| 260 |
_aNew York : _bNorton, _cc2002. |
||
| 300 |
_axv, 428 p. : _bill. ; _c24 cm. |
||
| 500 | _aOriginally published under title: Policy paradox and political reason. 1988. | ||
| 504 | _aIncludes bibliographical references and index. | ||
| 650 | 0 |
_aPolicy sciences _xEconomic aspects. |
|
| 650 | 0 |
_aPolitical planning _xEconomic aspects. |
|
| 942 |
_2ddc _cBB |
||
| 999 |
_c10470 _d10470 |
||